| 000 | 01975cam a22003135a 4500 | ||
|---|---|---|---|
| 001 | L148189 | ||
| 008 | 090813s2009 xxk f 000 0 eng d | ||
| 020 | _a9781842194959 | ||
| 035 | _a(Sirsi) u148189 | ||
| 041 | 0 | _aeng | |
| 050 | 0 | 4 | _a346.410432 $2 18 |
| 110 | 2 |
_aRoyal Institution of Chartered Surveyors _94900 |
|
| 245 | 0 | 0 |
_aBoundaries _bRICS guidance note _c[old edition] |
| 250 | _a2nd ed. | ||
| 260 |
_aCoventry _bRICS _c2009 |
||
| 300 |
_avi, 48p. _c30cm. |
||
| 350 | _a25 | ||
| 490 | 0 | _aRICS Guidance Note | |
| 505 | 2 | _aRICS guidance notes -- Introduction -- Stage 1, instructions -- Stage 2, initial invenstigations -- Stage 3, research -- Stage 4, the site visit, measured survey and photography -- Stage 5, the report: analysis and preparation -- Stage 6, presentation of the report to the client -- Stage 7, litigation -- Stage 8, recording the outcome in the Land Registry -- Appendices | |
| 520 | _aLooks at the different stages of a potential boundary dispute and the processes that and RICS member could follow as an example of best practice. Highlights professional practice issues such as dispute resolution, mediation, how to deal with initial contact and clients, and investigation techniques. Also provides lists of further reading and online resources. | ||
| 520 | _aCover title is "Boundaries: procedures for boundary identification, demarcation and dispute resolution in England & Wales". | ||
| 520 | _aSupersedes first edition (ISBN 0854065792); superseded by third edition (ISBN 9781783210442) | ||
| 521 | _aAdvanced | ||
| 590 | _aKA | ||
| 651 | 4 |
_aEngland and Wales _y1543- |
|
| 690 | _aPROPERTY-PROPERTY MANAGEMENT-BOUNDARY DETERMINATION-BOUNDARIES | ||
| 856 | 4 | 1 |
_uhttps://www.isurv.com/downloads/file/1162/archive_boundaries_procedures_for_boundary_identification_demarcation_and_dispute_resolution_in_england_and_wales_2nd_edition_june_2009%E2%80%93march_2014 _zArchived in isurv (subscription required) |
| 942 |
_n0 _2ddc |
||
| 999 |
_c109944 _d109944 |
||